| 000 | 01150 a2200193 4500 | ||
|---|---|---|---|
| 003 | Nust | ||
| 005 | 20221209091330.0 | ||
| 040 | _cNust | ||
| 082 | _a621.382,SCH | ||
| 100 |
_aSchulz, Elmer Harry _9102364 |
||
| 245 |
_aExperiments in electronics and communication engineering : _bcovering basic circuit theory, electronics, communication networks, radio and ultra-high frequency techniques / _cE. H. Schulz, [and] R. M. Leger |
||
| 250 | _a2nd ed | ||
| 260 |
_aHarper _bNew York _c1954 |
||
| 300 |
_aix, 342 p _billus _c24 cm |
||
| 505 | _aLaboratory Technique (Page-1), Laboratory Equipment (Page-12), Circuits (Page-27), Measurements, Audio and Radio Frequency (Page-56), Communication Networks (Page-80), Electron Tubes (Page-110), Electronic Instruments (Page-142), Trigger Circuits-Control of Waveform (Page-174), Amplifiers (Page-205), Oscillators (Page-246), Modulation and Detection (Page-274), Radio Receivers (Page-296), Radio Transmitters (Page-308), Transmission Lines, Wave Guides, Radiation (Page-310), Power Supplies (Page-328). | ||
| 650 | _cTelecommunication Engineering | ||
| 700 |
_aAnderson, L. T. _9104525 |
||
| 942 |
_2ddc _cBK |
||
| 999 |
_c182668 _d182668 |
||